Kadra reprezentacji Portugalii - MŚ 2006 - Statystyki

Ogólne statystyki
  • Ten quiz został rozwiązany 32 razy
  • Średni wynik to 10 z 24
Statystyki odpowiedzi
Nr Zawodnik Poz % Poprawnych
17 Cristiano Ronaldo NA
93%
7 Luis Figo PO
86%
20 Deco PO
69%
16 Ricardo Carvalho OB
69%
1 Ricardo BR
62%
9 Pauleta NA
55%
4 Ricardo Costa OB
55%
2 Paulo Ferreira OB
52%
18 Maniche PO
48%
21 Nuno Gomes NA
48%
# Luiz Felipe Scolari Trener
41%
6 Costinha PO
38%
23 Helder Postiga NA
38%
14 Nuno Valente OB
38%
11 Simão Sabrosa PO
34%
8 Petit PO
28%
19 Tiago PO
24%
12 Quim BR
21%
13 Miguel OB
17%
22 Paulo Santos BR
17%
10 Hugo Viana PO
14%
15 Luís Boa Morte NA
14%
5 Fernando Meira OB
7%
3 Marco Caneira OB
7%
Nie znaleziono quizów pasujących do podanych kryteriów
Rozkład punktacji
Procent ludzi z każdym wynikiem
Percentyl według liczby udzielonych odpowiedzi
Twoja historia wyników
Nie rozwiązałeś tego quizu